From Max Weber: Essays in sociology / (Record no. 20879)

MARC details
000 -LEADER
fixed length control field 00969cam a22002771 4500
001 - CONTROL NUMBER
control field 275221
003 - CONTROL NUMBER IDENTIFIER
control field BDDh-ASL
005 - DATE AND TIME OF LATEST TRANSACTION
control field 20231015025939.0
008 - FIXED-LENGTH DATA ELEMENTS--GENERAL INFORMATION
fixed length control field 731023s19581946nyuc b 000 0 eng
010 ## - LIBRARY OF CONGRESS CONTROL NUMBER
LC control number 46005298
040 ## - CATALOGING SOURCE
Original cataloging agency DLC
Transcribing agency DLC
Modifying agency DLC
-- BDDh-ASL
041 1# - LANGUAGE CODE
Language code of text/sound track or separate title eng
Language code of original und
050 00 - LIBRARY OF CONGRESS CALL NUMBER
Classification number H33
Item number .W3613
082 ## - DEWEY DECIMAL CLASSIFICATION NUMBER
Classification number 301
Item number FRO
100 1# - MAIN ENTRY--PERSONAL NAME
Personal name Weber, Max,
Dates associated with a name 1864-1920.
240 10 - UNIFORM TITLE
Uniform title Selected works.
Language of a work English
245 10 - TITLE STATEMENT
Title From Max Weber: Essays in sociology /
Statement of responsibility, etc. Translated, edited, and with an introduction, by H. H. Gerth and C. Wright Mills.
260 ## - PUBLICATION, DISTRIBUTION, ETC.
Place of publication, distribution, etc. New York,
Name of publisher, distributor, etc. Oxford university press,
Date of publication, distribution, etc. 1946.
300 ## - PHYSICAL DESCRIPTION
Extent xi, 490 p.
Other physical details front. (port.)
Dimensions 25 cm.
504 ## - BIBLIOGRAPHY, ETC. NOTE
Bibliography, etc. note Bibliographical references included in "Notes" (p. 445-467)
650 #0 - SUBJECT ADDED ENTRY--TOPICAL TERM
Topical term or geographic name entry element Social sciences.
700 1# - ADDED ENTRY--PERSONAL NAME
Personal name Gerth, Hans Heinrich,
Dates associated with a name 1908-1979,
Relator term ed. and tr.
700 1# - ADDED ENTRY--PERSONAL NAME
Personal name Mills, C. Wright
Fuller form of name (Charles Wright),
Dates associated with a name 1916-1962.
906 ## - LOCAL DATA ELEMENT F, LDF (RLIN)
a 7
b cbc
c orignew
d u
e ocip
f 19
g y-gencatlg
942 ## - ADDED ENTRY ELEMENTS (KOHA)
Source of classification or shelving scheme Dewey Decimal Classification
Koha item type Books
Holdings
Withdrawn status Lost status Source of classification or shelving scheme Damaged status Not for loan Collection code Home library Current library Shelving location Date acquired Source of acquisition Total Checkouts Full call number Barcode Date last seen Copy number Price effective from Koha item type Public note
    Dewey Decimal Classification   Not For Loan Non-fiction Asiatic Society Library Asiatic Society Library General Stacks 01/16/2021 ASB Collection   301 FRO 104386 01/16/2021 C-1 01/16/2021 Books RARE

Powered by Koha